Normal view MARC view

Entry Nome pessoal

Number of records used in: 1

001 - NÚMERO DE CONTROLE

  • campo de controle: 1010

003 - IDENTIFICADOR DO NÚMERO DE CONTROLE

  • campo de controle: Br

005 - DATA E HORÁRIO DA ÚLTIMA TRANSAÇÃO

  • campo de controle: 20250902075232.0

008 - CAMPO DE DADOS FIXOS

  • campo de controle de tamanho fixo: 970922 acnacab n a aaa

024 7# - OUTRO IDENTIFICADOR PADRÃO

  • Número padrão ou código: http://viaf.org/viaf/108732513
  • Fonte: VIAF

024 7# - OUTRO IDENTIFICADOR PADRÃO

  • Número padrão ou código: http://id.loc.gov/authorities/names/n50024126
  • Fonte: LCCN

035 ## - NÚMERO DE CONTROLE DO SISTEMA

  • Número de Controle do Sistema: 97112814011619E10

040 ## - FONTE DA CATALOGAÇÃO

  • Instituição da catalogação original: Br
  • Instituição que transcreveu o registro: Br
  • Idioma da catalogação: por

100 1# - CABEÇALHO--NOME PESSOAL

  • Nome pessoal: Amado, Jorge,
  • Datas associadas ao nome: 1912-2001

400 2# - REMISSIVA VER--NOME PESSOAL

  • Nome pessoal: Faria, Jorge Amado de
  • Datas associadas ao nome: 1912-2001

400 2# - REMISSIVA VER--NOME PESSOAL

  • Nome pessoal: Amado de Faria, Jorge
  • Datas associadas ao nome: 1912-2001

500 ## - VEJA TAMBÉM COM O RASTREAMENTO - NOME PESSOAL

  • Nome pessoal: Amado, Jorge
  • Datas associadas ao nome: 1912-2001
  • Título da publicação: Dona Flor e seus dois maridos

500 ## - VEJA TAMBÉM COM O RASTREAMENTO - NOME PESSOAL

  • Nome pessoal: Amado, Jorge
  • Datas associadas ao nome: 1912-2001
  • Título da publicação: Hora da guerra

500 ## - VEJA TAMBÉM COM O RASTREAMENTO - NOME PESSOAL

  • Nome pessoal: Amado, Jorge
  • Datas associadas ao nome: 1912-2001
  • Título da publicação: Tocaia grande

670 ## - FONTE POSITIVA DOS DADOS

  • Citação da fonte positiva dos dados: Autor de: Capitães de areia. 1997.

670 ## - FONTE POSITIVA DOS DADOS

  • Citação da fonte positiva dos dados: Enc. lit. bras., 2001
  • Dados encontrados na fonte localizada no subcampo: (d.n., n.c.)

670 ## - FONTE POSITIVA DOS DADOS

  • Citação da fonte positiva dos dados: http://authorities.loc.gov 26/3/10
  • Dados encontrados na fonte localizada no subcampo: (D.)

670 ## - FONTE POSITIVA DOS DADOS

  • Citação da fonte positiva dos dados: http://www.releituras.com/jorgeamado_bio.asp

670 ## - FONTE POSITIVA DOS DADOS

  • Citação da fonte positiva dos dados: http://pt.wikipedia.org/wiki/Jorge_Amado
  • Dados encontrados na fonte localizada no subcampo: (Jorge Leal Amado de Faria nasceu em Itabuna, BA, em 10 de agosto de 1912 e faleceu em Salvador, em 6 de agosto de 2001, foi um escritor brasileiro)

670 ## - FONTE POSITIVA DOS DADOS

  • Citação da fonte positiva dos dados: https://en.wikipedia.org/wiki/Jorge_Amado 17/06/2020
  • Dados encontrados na fonte localizada no subcampo: (D. ; escritor brasileiro da escola modernista. É o mais conhecido dos escritores brasileiros modernos, com sua obra traduzida para cerca de 49 línguas e popularizada no cinema)

Powered by Koha